Historia contemporánea de Europa 1789-1989
Сохранить в:
| Главный автор: | |
|---|---|
| Другие авторы: | , |
| Формат: | |
| Язык: | испанский |
| Опубликовано: |
Barcelona, España:
Crítica,
2000.
|
| Редактирование: | Primera edición en rústica. |
| Серии: | Obras mayores
|
| Предметы: | |
| Метки: |
Добавить метку
Нет меток, Требуется 1-ая метка записи!
|
MARC
| LEADER | 00000nam a22000007a 4500 | ||
|---|---|---|---|
| 003 | CL-VaPUC | ||
| 005 | 20230907102156.0 | ||
| 008 | 230904t2000 ||||| |||| 00| 0 eng d | ||
| 999 | |c 441744 |d 441742 | ||
| 020 | |a 8484321096 | ||
| 040 | |c Pontificia Universidad Católica de Valparaíso | ||
| 041 | 0 | |a spa | |
| 082 | 0 | 4 | |2 21 |a 940.27 BRI 2000 |
| 100 | 1 | |a Briggs, Asa |e autor |9 861287 | |
| 245 | 1 | 0 | |a Historia contemporánea de Europa 1789-1989 |
| 250 | |a Primera edición en rústica. | ||
| 260 | |a Barcelona, España: |b Crítica, |c 2000. | ||
| 300 | |a 477 páginas | ||
| 490 | |a Obras mayores | ||
| 500 | |a Donación VRA N. Vásquez L. | ||
| 583 | |c 20210608 |k GC | ||
| 650 | 0 | 0 | |9 392003 |a Historia de Europa |y Siglos 18-20 |
| 650 | 0 | 0 | |a Historia contemporánea |9 343224 |y 1789-1989 |z Europa |
| 700 | 1 | |a Clavin, Patricia |e autora |9 861288 | |
| 700 | 1 | |a Ainaud, Jordi |e traductor |9 861289 | |
| 942 | |2 ddc |c BK | ||
| 952 | |0 0 |1 0 |2 ddc |4 0 |6 940_270000000000000_BRI_2000 |7 0 |8 R |9 591438 |a BIBHIS |b BIBHIS |c RES |d 2023-09-04 |e 59 |g 46692.08 |i 5658567 |l 6 |m 1 |o 940.27 BRI 2000 |p 5658567 |q 2025-07-11 |r 2025-03-31 |s 2025-03-31 |t 1 |v 46692.08 |w 2023-09-04 |y BK_R |k HIS | ||